000 00524nam a2200193Ia 4500
008 151121s9999||||xx |||||||||||||| ||und||
082 _a294।5 /Lea
082 _bHNW-68324
100 _aLeadbeater C। W।
245 4 _aThe Hidden Life In Freemasonry
260 _bTheosophical Pub। House।
260 _c--
300 _a376
600 _aLeadbeater C। W।
630 _aThe Hidden Life In Freemasonry
700 _aLeadbeater C। W।
730 _aThe Hidden Life In Freemasonry
942 _cBOOK
999 _c1249818
_d1249815